|
|
|
|
| LEADER |
00000csb a2200000 a 4500 |
| 003 |
Ucuenca |
| 005 |
20230308202821.0 |
| 008 |
007121| ||||||||r|||||||||||spa|| |
| 022 |
|
|
|a 1808-0480
|
| 040 |
|
|
|b spa
|
| 041 |
1 |
|
|a spa
|
| 082 |
0 |
|
|a 320.05
|b M644d
|
| 100 |
1 |
|
|a Caetamo, Gerardo
|9 200720
|
| 245 |
|
|
|a Mercosur:
|b ¿quo vadis?
|c Gerardo Caetano
|h imp
|
| 264 |
|
|
|a Brasilia
|b Ministerio de Relaciones Exteriores de Brasil
|c Enero Marzo 2007
|
| 300 |
|
|
|a páginas: 148-185
|
| 362 |
|
|
|a no. 5 (enero-marzo 2007)
|
| 504 |
|
|
|a incl. ref.
|
| 650 |
1 |
|
|a Mercosur
|9 42992
|
| 650 |
1 |
|
|a Quo vadis
|9 42662
|
| 650 |
1 |
|
|a Revista dep
|9 200718
|
| 852 |
|
|
|a UC-CDJBV
|f Donación
|l 1
|m General
|p 20071211
|r 2
|b 0
|d CDRC
|e CDRC
|g 320.05 M644d TERCER PISO (SECCION REVISTAS)
|z 2007-71-21
|
| 942 |
|
|
|c SERA
|
| 773 |
0 |
|
|0 151246
|9 135245
|a Ministerio de Relaciones Exteriores de Brasil
|d Brasilia Ministerio de Relaciones Exteriores de Brasil Enero Marzo 2007
|o 117342
|t DEpáginas: Diplomacia Estratégia Política
|x 1808-0480
|
| 999 |
|
|
|c 103948
|d 103948
|